000 00782nam a2200193 a 4500
001 30731
005 20180713234014.0
008 140415s2006 000 0 spa d
020 _a139789701057537
041 _aspa
082 _a1.432
_bHER
100 1 _aHernández Sampieri, Roberto,.
245 1 0 _aMETODOLOGIA DE LA INVESTIGACION.
250 _a4ª EDICIÓN
260 _a[s.l.] :
_bMC GRAW HILL,
_c2006.
300 _a850 ;
_c20 x 5.05 x 24.
500 _aEL LIBRO CONTIENE UN CD CON MATERIAL EN PDF
520 _aEN ESTE EDICION SE MANTIENEN LAS PRINCIPLAES CARACTERISITCAS QUE LO HAN HECHO EL TExTO MAS ESTUDIADO EN CURSOS DE METODOLOGIA DE LA INVESTIGACION, EL LENGUAJE ACCESIBLE, LA PRESENTACION PAULATINA DE LOS EJEMPLOS Y LA PROFUSION DE EJEMPLOS.
999 _c30731
_d30731